<?xml version="1.0" encoding="UTF-8"?>
<collection xmlns="http://www.loc.gov/MARC21/slim">
    <record>
        <controlfield tag="001">69433</controlfield>
        <controlfield tag="005">20190411120853.0</controlfield>
        <datafield tag="024" ind1="8" ind2=" ">
            <subfield code="2">sideral</subfield>
            <subfield code="a">102341</subfield>
        </datafield>
        <datafield tag="037" ind1=" " ind2=" ">
            <subfield code="a">ART-2017-102341</subfield>
        </datafield>
        <datafield tag="041" ind1=" " ind2=" ">
            <subfield code="a">spa</subfield>
        </datafield>
        <datafield tag="100" ind1=" " ind2=" ">
            <subfield code="0">(orcid)0000-0002-7646-0826</subfield>
            <subfield code="a">Sebastián López, María</subfield>
            <subfield code="u">Universidad de Zaragoza</subfield>
        </datafield>
        <datafield tag="245" ind1=" " ind2=" ">
            <subfield code="a">Educación geográfica 2020: Iberpix y collector for arcgis como recursos didácticos para el aprendizaje del espacio</subfield>
        </datafield>
        <datafield tag="260" ind1=" " ind2=" ">
            <subfield code="c">2017</subfield>
        </datafield>
        <datafield tag="506" ind1="0" ind2=" ">
            <subfield code="a">Access copy available to the general public</subfield>
            <subfield code="f">Unrestricted</subfield>
        </datafield>
        <datafield tag="520" ind1="3" ind2=" ">
            <subfield code="a">La progresiva implantación del aprendizaje por competencias, como consecuencia de las directrices europeas en educación, han hecho posible que el currículo escolar resalte la importancia de la adquisición de la competencia digital en los niveles educativos, desde primaria hasta Bachillerato. Este proceso se desarrolla en paralelo con la creciente utilización de tecnologías de información geográfica y para el aprendizaje geográfico. El presente artículo plantea una propuesta metodológica, a partir del Marco Europeo para Organizaciones Educativas Digitalmente Competentes, para el aprendizaje de la geografía en educación secundaria por medio de dos herramientas cartográficas digitales, una relativamente conocida como Iberpix, y otra recientemente creada, y por lo tanto inédita en el ámbito educativo, como es Collector para ArcGIS.</subfield>
        </datafield>
        <datafield tag="540" ind1=" " ind2=" ">
            <subfield code="9">info:eu-repo/semantics/openAccess</subfield>
            <subfield code="a">by</subfield>
            <subfield code="u">http://creativecommons.org/licenses/by/3.0/es/</subfield>
        </datafield>
        <datafield tag="655" ind1=" " ind2="4">
            <subfield code="a">info:eu-repo/semantics/article</subfield>
            <subfield code="v">info:eu-repo/semantics/publishedVersion</subfield>
        </datafield>
        <datafield tag="700" ind1=" " ind2=" ">
            <subfield code="0">(orcid)0000-0002-9347-5296</subfield>
            <subfield code="a">De Miguel González, Rafael Pablo</subfield>
            <subfield code="u">Universidad de Zaragoza</subfield>
        </datafield>
        <datafield tag="710" ind1="2" ind2=" ">
            <subfield code="1">4006</subfield>
            <subfield code="2">210</subfield>
            <subfield code="a">Universidad de Zaragoza</subfield>
            <subfield code="b">Dpto. Didác.Leng.y CC.HH.y SS.</subfield>
            <subfield code="c">Área Didáctica Ciencias Socia.</subfield>
        </datafield>
        <datafield tag="773" ind1=" " ind2=" ">
            <subfield code="g">18 (2017), 231-246</subfield>
            <subfield code="t">Didáctica geográfica</subfield>
            <subfield code="x">0210-492X</subfield>
        </datafield>
        <datafield tag="856" ind1="4" ind2="1">
            <subfield code="u">http://www.age-geografia.es/didacticageografica/index.php/didacticageografica/article/view/391</subfield>
            <subfield code="z">Texto completo de la revista</subfield>
        </datafield>
        <datafield tag="856" ind1="4" ind2=" ">
            <subfield code="s">4539972</subfield>
            <subfield code="u">http://zaguan.unizar.es/record/69433/files/texto_completo.pdf</subfield>
            <subfield code="y">Versión publicada</subfield>
        </datafield>
        <datafield tag="856" ind1="4" ind2=" ">
            <subfield code="s">55691</subfield>
            <subfield code="u">http://zaguan.unizar.es/record/69433/files/texto_completo.jpg?subformat=icon</subfield>
            <subfield code="x">icon</subfield>
            <subfield code="y">Versión publicada</subfield>
        </datafield>
        <datafield tag="909" ind1="C" ind2="O">
            <subfield code="o">oai:zaguan.unizar.es:69433</subfield>
            <subfield code="p">articulos</subfield>
            <subfield code="p">driver</subfield>
        </datafield>
        <datafield tag="951" ind1=" " ind2=" ">
            <subfield code="a">2019-04-11-12:08:01</subfield>
        </datafield>
        <datafield tag="980" ind1=" " ind2=" ">
            <subfield code="a">ARTICLE</subfield>
        </datafield>
    </record>

    
</collection>